|
|
|
|
| LEADER |
00000nam2a2200000 4500 |
| 001 |
294007 |
| 005 |
20231102000641.0 |
| 020 |
|
|
|a RU
|b 84-1359
|
| 035 |
|
|
|a (RuTPU)RU\TPU\book\319057
|
| 090 |
|
|
|a 294007
|
| 100 |
|
|
|a 20150507d1983 km y0rusy5003 ca
|
| 101 |
0 |
|
|a rus
|
| 200 |
0 |
|
|a Ч. 2
|
| 210 |
|
|
|d 1983
|
| 215 |
|
|
|a 161 с.
|c ил.
|
| 320 |
|
|
|a Библиогр.: с. 154-160
|
| 461 |
|
1 |
|0 (RuTPU)RU\TPU\book\111198
|t Структуры автоматизированных систем управления энергетикой промышленных предприятий
|f А. Ф. Резчиков
|g под ред. А. Д. Цвиркуна
|v Ч. 2
|d 1983-
|
| 606 |
1 |
|
|a Промышленные предприятия
|x Энергоснабжение
|x Автоматизация
|x Телемеханизация
|2 stltpush
|3 (RuTPU)RU\TPU\subj\52617
|9 71024
|
| 610 |
1 |
|
|a энергетическое хозяйство
|
| 610 |
1 |
|
|a автоматизированные системы планирования и управления
|
| 610 |
1 |
|
|a структура
|
| 610 |
1 |
|
|a модели
|
| 610 |
1 |
|
|a алгоритмы
|
| 610 |
1 |
|
|a автоматизированное управление
|
| 610 |
1 |
|
|a энерготехнологические схемы
|
| 610 |
1 |
|
|a микропроцессорная система
|
| 675 |
|
|
|a 658.26(075.8)
|z rus
|v 3
|
| 801 |
|
0 |
|a RU
|b RuMRKP
|c 19950704
|g psbo
|
| 801 |
|
1 |
|a RU
|b 63413507
|c 20150507
|
| 801 |
|
2 |
|a RU
|b 63413507
|c 20190129
|g RCR
|
| 942 |
|
|
|c BK
|